000 00230nam a22000857a 4500
008 161206b xxu||||| |||| 00| 0 eng d
100 _91841
_aGupta. k. k
245 _aScience and technology -8
260 _aNew delhi
_bFrank brothers
_c2006
999 _c4585
_d4585